Find the countries of Europe Quiz Stats

 Plays Quiz not verified by Sporcle

Score 0/41 Timer 05:00
0 Plays Today
% Correct
Albania
92%
Italy
92%
Andorra
88%
Austria
88%
Belgium
88%
Denmark
88%
Estonia
88%
Finland
88%
France
88%
Germany
88%
Greece
88%
Iceland
88%
Ireland
88%
Poland
88%
Ukraine
88%
United Kingdom
88%
Belarus
84%
Bosnia and Herzegovina
84%
Bulgaria
84%
Czech Republic
84%
Hungary
84%
% Correct
Norway
84%
Portugal
84%
Romania
84%
Slovenia
84%
Spain
84%
Sweden
84%
Lithuania
80%
Luxembourg
80%
Malta
80%
Monaco
80%
Netherlands
80%
Russia
80%
Serbia and Montenegro
80%
Latvia
76%
Liechtenstein
76%
Moldova
72%
Slovakia
72%
Croatia
68%
Switzerland
20%
San Marino
12%

You're not logged in!

Compare scores with friends on all Sporcle quizzes.
OR
Log In

Show Comments

Extras

Created May 17, 2019ReportNominate
Tags:Country Quiz, Europe Quiz

Top Quizzes Today


Score Distribution

Your Account Isn't Verified!

In order to create a playlist on Sporcle, you need to verify the email address you used during registration. Go to your Sporcle Settings to finish the process.

Report this User

Report this user for behavior that violates our Community Guidelines.

Details: